000 01300nam a22003617a 4500
003 CHAP
005 20220329141749.0
008 971013s1972 r 00010 d
010 _a73446
011 _a74418
035 _a83977
040 _cCHAP
090 _aTesis
100 0 0 _aGarcía Sierra, Jaime.
_946627
245 _aComparación en rendimiento de forraje de cinco fechas a lala remosión de las hojas en remolacha forrajera (Beta vulgaris L.( General Escobedo, N.L.
260 _aMonterrey, N.L. :
_bEl autor,
_c1972
300 _a58 h.
_b: gráfs.
502 _aTesis (Ing. Agrónomo) -- Univ. Autónoma de Nuevo León. Fac. de Agronomía
590 _aALEPH
_b10
_c20130110
_lUCH01
_h1416
590 _aBATCH-UPD
_b10
_c20130110
_lUCH01
_h0127
590 _aBATCH-UPD
_b10
_c20130110
_lUCH01
_h0700
590 _aBATCH-UPD
_b10
_c20130409
_lUCH01
_h2122
590 _aBATCH-UPD
_b10
_c20130410
_lUCH01
_h1552
590 _aBATCH-UPD
_b10
_c20130914
_lUCH01
_h1530
590 _aCONVERSION
_b10
_c20130109
_lUCH01
_h1340
650 1 4 _aRemolacha forrajera.
_995879
650 1 4 _aRemolacha
_xDefoliación.
_995856
650 1 4 _aRemolacha
_xFechas de siembra.
_995862
650 1 4 _aRemolacha
_xRendimiento.
_995865
901 _aBK
942 _cTESIS
949 _bBC
_cTES
_d-39015
_eTS1
_i83977
_si
999 _c73446
_d73446